| 000 | 00606nam a2200181Ia 4500 | ||
|---|---|---|---|
| 008 | 090630s9999 xx 000 0 und d | ||
| 082 | _b25148 | ||
| 100 | _aरानडे फिरोज. | ||
| 245 |
_aफिरविले अनंते. _cरानडे फिरोज. |
||
| 260 |
_bमॅजेस्टीक. _c2006 |
||
| 300 | _a269 | ||
| 600 | _aरानडे फिरोज. | ||
| 630 | _aफिरविले अनंते. | ||
| 655 | _aप्रवास. | ||
| 700 | _aरानडे फिरोज. | ||
| 730 | _aफिरविले अनंते. | ||
| 942 | _cBOOK | ||
| 999 |
_c277004 _d277004 |
||